| 000 | 02920cam a2200325 a 4500 | ||
|---|---|---|---|
| 003 | EG-GiCUC | ||
| 005 | 20250223031625.0 | ||
| 008 | 161214s2016 ua f m 000 0 eng d | ||
| 040 |
_aEG-GiCUC _beng _cEG-GiCUC |
||
| 041 | 0 | _aeng | |
| 049 | _aDeposite | ||
| 097 | _aM.A | ||
| 099 | _aCai01.02.12.M.A.2016.Ma.I | ||
| 100 | 0 | _aMabroka Ishtiwy Ehmed | |
| 245 | 1 | 4 |
_aThe interplay of space and culture : _bA study of the semiosphere in Naguib Mahfouz{u2019}s the Cairo trilogy / _cMabroka Ishtiwy Ehmed ;Supervised Sahar Sobhi Abdelhakeem |
| 246 | 1 | 5 |
_aالتفاعل بين الثقافة و الفضاء : _bدراسة التركيب السميوسفيري في ثلاثية نجيب محفوظ |
| 260 |
_aCairo : _bMabroka Ishtiwy Ehmed , _c2016 |
||
| 300 |
_a133 Leaves ; _c30cm |
||
| 502 | _aThesis (M.A.) - Cairo University - Faculty of Arts - Department of English | ||
| 520 | _aIn his article 2On the Semiosphere3 (1984), Yuri. M Lotman, founder of Tartu school of semiotics,first proposed his theory of thesemiosphere which refers to 2the whole semiotic space of the culture in question.3 (Lotman, Universe of the Mind 125) Lotman describes semiosphere on the basis of 2dualisms, and spatial opposites3 (Nöth, 249) created by spatial boundaries that oppose spaces and designate them, 2close-distant3 ,2interior-exterior3, 2open-closed3 etc. These spatial oppositions, according to Lotman, are highly embedded in symbolic models and values of the culture in question. In other words, the closed or inner space (the space of the house) has such features as {u2018}warm{u2019}, {u2018}secure{u2019}, {u2018}ours{u2019} while the open or outer space (the space beyond the house walls) is {u2018}alien{u2019}, {u2018}hostile{u2019}, {u2018}chaotic{u2019}, and {u2018}dangerous{u2019}. The aim of the proposed study is to analyze the semiosphere ofThe Cairo Trilogy, based on the main spatial parameter2open-closed3 spaces. The researcher will attempt to verify whether this spatial parametermodels the cultural values attributed to the bipolar spaces by Lotman, or reveal noticeable deviation from them due to the typology of the Arab Egyptian culture. Moreover, this study further seeksto reveal how the spatial bipartition, 2open/closed3, reflects and influences the characters{u2019} personalities, and their inner feelings. It also aims at investigating whether or not the spatial structure and bipartition of the Trilogyreflect its main themes of social and political tensions as well as the conflict between the old/traditional and new/modern socio-cultural value systems | ||
| 530 | _aIssued also as CD | ||
| 653 | 4 | _aNaguib Mahfouz{u2019}s | |
| 653 | 4 | _aSemiosphere | |
| 653 | 4 | _aSpace and culture | |
| 700 | 0 |
_aSahar Sobhi Abdelhakeem , _eSupervisor |
|
| 856 | _uhttp://172.23.153.220/th.pdf | ||
| 905 |
_aNazla _eRevisor |
||
| 905 |
_aSoheir _eCataloger |
||
| 942 |
_2ddc _cTH |
||
| 999 |
_c58992 _d58992 |
||